LEADER 01272nam2-2200373---450 001 990001247390203316 005 20220422083423.0 035 $a000124726 035 $aUSA01000124726 035 $a(ALEPH)000124739USA01 035 $a000124726 100 $a20031106d1978----km-y0itay0103----ba 101 0 $ager 102 $aDE 105 $a||||||||001yy 200 1 $a12. : Das Asklepieion$eKapikaya ein felsheiligtum bei Pergamon im anhang topographische karte von Pergamon$fvon Klaus Nohlen und Wolfgang Radt$gmit beiträgen von Andreas Furtwängler und Eva Töpperwein-Hoffmann 210 $aBerlin$cDe Gruyter$d1978 215 $aXVI, 105 p., tav. in parte ripiegate, [1] tavola in tasca$d32 cm 410 0$12001 454 1$12001 461 1$1001000124702$12001$aAltertumer von Pergamon$fDeutsches archäologisches Institut 606 0 $aPergamo$xArcheologia 676 $a930.1 700 1$aNOHLEN,$bKlaus$0214934 701 1$aRADT,$bWolfgang$0214935 702 1$aFURTWÄNGLER,$bAndreas 702 1$aTÖPPERWEIN-HOFFMANN,$bEva 801 0$aIT$bsalbc$gISBD 912 $a990001247390203316 951 $aXI.3.B. 97/12(X B 174/12)$b8826 L.M.$cX B 959 $aBK 969 $aUMA 996 $a12. : Das Asklepieion$92832260 997 $aUNISA